[Event "CZE-chT1E 1617"]
[Site "Czech Republic"]
[Date "2017.04.09"]
[Round "11.5"]
[White "Novosadova, Kristyna"]
[Black "Kopecek, Ivan"]
[Result "1-0"]
[WhiteElo "2176"]
[BlackElo "1882"]
[PlyCount "69"]
[EventDate "2016.10.16"]
[EventType "team-tourn"]
[EventRounds "11"]
[EventCountry "CZE"]
[SourceTitle "CBM 177 Extra"]
[Source "ChessBase"]
[SourceDate "2017.04.27"]
[SourceVersion "1"]
[SourceVersionDate "2017.04.27"]
[SourceQuality "1"]
[WhiteTeam "Frydek Mistek II"]
[BlackTeam "Brno Moravska Slavia"]
[WhiteTeamCountry "CZE"]
[BlackTeamCountry "CZE"]

1. e4 e5 2. Nf3 Nc6 3. Bb5 a6 4. Ba4 Nf6 5. 0-0 Be7 6. Re1 b5 7. Bb3 0-0 8. h3 d6 9. c3 Bb7 10. d4 Na5 11. Bc2 Re8 12. Nbd2 exd4 13. cxd4 c5 14. d5 Nd7 15. Nf1 Nc4 16. b3 Bf6 17. Rb1 Nce5 18. Nxe5 Nxe5 19. f4 Ng6 20. Nh2 Bd4+ 21. Kh1 Nh4 22. f5 g6 23. Ng4 Nxf5 24. exf5 Qh4 25. Rf1 Bxd5 26. Kh2 h5 27. Nh6+ Kh7 28. fxg6+ fxg6 29. Bf4 Rf8 30. g3 Qe7 31. Re1 Qg7 32. Qxh5 Rxf4 33. Ng4+ Kg8 34. Qxd5+ Kh7 35. gxf4 1-0

[Event "Brno Duras op"]
[Site "Brno"]
[Date "2016.06.25"]
[Round "1"]
[White "Urbanec, Vladimir"]
[Black "Kopecek, Ivan"]
[Result "0-1"]
[WhiteElo "1542"]
[BlackElo "1918"]
[PlyCount "78"]
[EventDate "2016.06.25"]
[EventType "swiss"]
[EventRounds "9"]
[EventCountry "CZE"]
[SourceTitle "CBM 173 Extra"]
[Source "ChessBase"]
[SourceDate "2016.08.29"]
[SourceVersion "1"]
[SourceVersionDate "2016.08.29"]
[SourceQuality "1"]

1. f4 e5 2. fxe5 d6 3. exd6 Bxd6 4. Nf3 g5 5. d4 g4 6. Ng5 f5 7. e4 h6 8. e5 Be7 9. Nh3 c5 10. d5 gxh3 11. Qh5+ Kf8 12. e6 Qe8 13. Qxf5+ Bf6 14. Qxh3 Ne7 15. Bxh6+ Kg8 16. Qg4+ Qg6 17. Qxg6+ Nxg6 18. Bc1 Kf8 19. Bd3 Ne5 20. 0-0 Ke7 21. Nd2 Nxd3 22. cxd3 Rf8 23. Nc4 b5 24. Ne3 Bd4 25. Rxf8 Kxf8 26. a4 bxa4 27. Rxa4 Na6 28. Kf1 Nb4 29. Ke2 Ba6 30. Nc4 Bb5 31. Bh6+ Ke7 32. Ra1 Nxd5 33. g4 Kxe6 34. Kd2 Kd7 35. Rf1 Re8 36. g5 Ne3 37. Rf3 Kc6 38. g6 Nxc4+ 39. dxc4 Bxc4 0-1

[Event "SVK-ch Seniors-B"]
[Site "Tatranske Matliare"]
[Date "2016.06.07"]
[Round "4"]
[White "Privara, Igor"]
[Black "Kopecek, Ivan"]
[Result "1/2-1/2"]
[WhiteElo "2151"]
[BlackElo "1918"]
[PlyCount "117"]
[EventDate "2016.06.05"]
[EventType "swiss"]
[EventRounds "9"]
[EventCountry "SVK"]
[SourceTitle "EXT 2023"]
[Source "ChessBase"]
[SourceDate "2022.10.05"]
[SourceVersion "1"]
[SourceVersionDate "2022.10.05"]
[SourceQuality "1"]

1. e4 e5 2. Nf3 Nc6 3. Nc3 Nf6 4. Bb5 Bb4 5. 0-0 0-0 6. d3 d6 7. Bg5 Bxc3 8. bxc3 Qe7 9. Re1 Nd8 10. d4 Bg4 11. h3 Bh5 12. Bf1 h6 13. Bh4 g5 14. Bg3 Nd7 15. Qd3 Bg6 16. Rad1 Nc6 17. Qe3 Rfe8 18. Bd3 f6 19. Nd2 Kg7 20. d5 Na5 21. Qf3 Nc5 22. Nf1 Qf7 23. Rb1 Bh5 24. Qe3 Rf8 25. Qd2 Nxd3 26. cxd3 f5 27. exf5 Qxf5 28. Ne3 Qf7 29. Rb4 b6 30. h4 Qf6 31. Ng4 Qf5 32. f3 Rae8 33. Rbe4 Bg6 34. Nf2 Qf7 35. Rg4 Qxd5 36. hxg5 h5 37. Rh4 Qf7 38. Ne4 Bxe4 39. Rhxe4 Qg6 40. Bh4 Nc6 41. Bg3 Rf5 42. f4 d5 43. R4e2 Ref8 44. fxe5 Rxg5 45. Bh4 Rg4 46. Bf6+ Kg8 47. Rf2 h4 48. Re3 Qh5 49. Kf1 d4 50. cxd4 Nxd4 51. Qd1 Kh7 52. Re4 Rfg8 53. Rxd4 h3 54. Rd7+ Kg6 55. gxh3 Rg1+ 56. Kxg1 Qxd1+ 57. Kh2 Kh6 58. Rg2 Rxg2+ 59. Kxg2 1/2-1/2

[Event "Brno op"]
[Site "Brno"]
[Date "2015.08.30"]
[Round "9"]
[White "Glozar, Petr"]
[Black "Kopecek, Ivan"]
[Result "0-1"]
[WhiteElo "1588"]
[BlackElo "1952"]
[PlyCount "70"]
[EventDate "2015.08.23"]
[EventType "swiss"]
[EventRounds "9"]
[EventCountry "CZE"]
[SourceTitle "EXT 2016"]
[Source "ChessBase"]
[SourceDate "2015.10.08"]
[SourceVersion "1"]
[SourceVersionDate "2015.10.08"]
[SourceQuality "1"]

1. e4 e5 2. Nf3 Nc6 3. Bb5 a6 4. Ba4 Nf6 5. d3 Bc5 6. Be3 Qe7 7. 0-0 b5 8. Bb3 Na5 9. Nc3 Nxb3 10. axb3 Bb7 11. Kh1 Bxe3 12. fxe3 b4 13. Nd5 Nxd5 14. exd5 Bxd5 15. e4 Bb7 16. Qe1 f6 17. Nh4 g6 18. Qf2 0-0 19. Qg3 Kh8 20. Qh3 Rg8 21. Rae1 Raf8 22. Re3 Qe6 23. g4 d5 24. Rd1 dxe4 25. dxe4 f5 26. gxf5 gxf5 27. Rde1 Rg4 28. Rg3 Rxg3 29. hxg3 Qh6 30. Rf1 Bxe4+ 31. Kh2 Bxc2 32. Nf3 Qxh3+ 33. Kxh3 Re8 34. Nh4 Bxb3 35. Rxf5 Be6 0-1

[Event "Brno op"]
[Site "Brno"]
[Date "2015.08.26"]
[Round "5"]
[White "Hruza, Dominik"]
[Black "Kopecek, Ivan"]
[Result "0-1"]
[WhiteElo "1652"]
[BlackElo "1952"]
[PlyCount "114"]
[EventDate "2015.08.23"]
[EventType "swiss"]
[EventRounds "9"]
[EventCountry "CZE"]
[SourceTitle "EXT 2016"]
[Source "ChessBase"]
[SourceDate "2015.10.08"]
[SourceVersion "1"]
[SourceVersionDate "2015.10.08"]
[SourceQuality "1"]

1. e4 e5 2. Nf3 Nc6 3. Bb5 a6 4. Ba4 Nf6 5. d4 exd4 6. 0-0 Be7 7. Re1 0-0 8. e5 Nd5 9. Bb3 Nb6 10. Nxd4 d6 11. e6 d5 12. exf7+ Rxf7 13. Nxc6 bxc6 14. Nc3 Bf5 15. Be3 Rb8 16. Bxb6 Rxb6 17. Nxd5 cxd5 18. Bxd5 Kf8 19. Bxf7 Qxd1 20. Raxd1 Kxf7 21. Rd5 Be6 22. Rde5 Bf6 23. Rc5 c6 24. b3 Bd4 25. Rh5 h6 26. Rh4 c5 27. Rf4+ Ke7 28. Rfe4 Rd6 29. g3 Kd7 30. c4 Bf6 31. f4 Bf5 32. Re8 Rd2 33. R8e2 Bd4+ 34. Kg2 Rxe2+ 35. Rxe2 a5 36. Kf3 a4 37. g4 Bb1 38. bxa4 Bd3 39. Rg2 Bxc4 40. Ke4 Kc6 41. Rd2 Kb6 42. h4 Ka5 43. h5 Kxa4 44. g5 Bf7 45. g6 Bg8 46. Rxd4+ cxd4 47. f5 Kb5 48. Kxd4 Kc6 49. Ke5 Kd7 50. f6 Bxa2 51. f7 Ke7 52. Kf5 Bb3 53. Kg4 Bd1+ 54. Kh4 Be2 55. Kg3 Bxh5 56. Kf4 Bxg6 57. f8Q+ Kxf8 0-1

[Event "Prague Summer op 2nd"]
[Site "Prague"]
[Date "2015.08.09"]
[Round "3"]
[White "Rous, Daniel"]
[Black "Kopecek, Ivan"]
[Result "1-0"]
[WhiteElo "2201"]
[BlackElo "1952"]
[PlyCount "67"]
[EventDate "2015.08.07"]
[EventType "swiss"]
[EventRounds "9"]
[EventCountry "CZE"]
[SourceTitle "CBM 167 Extra"]
[Source "ChessBase"]
[SourceDate "2015.09.14"]
[SourceVersion "1"]
[SourceVersionDate "2015.09.14"]
[SourceQuality "1"]

1. c4 e5 2. Nc3 Nf6 3. Nf3 Nc6 4. g3 d5 5. cxd5 Nxd5 6. Bg2 Be7 7. Nxe5 Be6 8. Nxc6 bxc6 9. Qa4 0-0 10. 0-0 Rb8 11. Qxc6 Rb6 12. Qa4 Rb4 13. Qc2 Nb6 14. b3 Rg4 15. Bb2 f5 16. Nb5 c5 17. Nxa7 Bd5 18. Nc6 Bxc6 19. Bxc6 f4 20. Bg2 Bd6 21. a4 h5 22. a5 Nc8 23. Qd3 h4 24. a6 Na7 25. Qd5+ Rf7 26. Qe6 Rg5 27. Ra4 f3 28. exf3 hxg3 29. hxg3 Kf8 30. Rh4 Kg8 31. f4 Rgf5 32. Bd5 Be7 33. Rh8+ Kxh8 34. Qh6+ 1-0

[Event "Brno Duras op"]
[Site "Brno"]
[Date "2015.07.05"]
[Round "9"]
[White "Pokorny, Petr"]
[Black "Kopecek, Ivan"]
[Result "1-0"]
[WhiteElo "2163"]
[BlackElo "1955"]
[PlyCount "67"]
[EventDate "2015.06.27"]
[EventType "swiss"]
[EventRounds "9"]
[EventCountry "CZE"]
[SourceTitle "CBM 167 Extra"]
[Source "ChessBase"]
[SourceDate "2015.09.14"]
[SourceVersion "1"]
[SourceVersionDate "2015.09.14"]
[SourceQuality "1"]

1. d4 f5 2. Nf3 Nf6 3. g3 g6 4. Bg2 Bg7 5. 0-0 0-0 6. c4 c6 7. b3 d6 8. Bb2 Qe8 9. Qc2 Na6 10. Nbd2 Bd7 11. a3 Rb8 12. b4 Nc7 13. Rac1 d5 14. Ne5 Be6 15. f3 Nd7 16. cxd5 Nxd5 17. e4 N5b6 18. exf5 Bxf5 19. Qb3+ Kh8 20. g4 Nxe5 21. dxe5 Bc8 22. e6 Nd5 23. Bxg7+ Kxg7 24. Qb2+ Kg8 25. Qe5 Ra8 26. f4 Rf6 27. Bxd5 cxd5 28. Qxd5 a5 29. b5 Qf8 30. f5 gxf5 31. gxf5 Qg7+ 32. Kh1 Kh8 33. Rg1 Qf8 34. Ne4 1-0

[Event "Brno Duras op"]
[Site "Brno"]
[Date "2015.06.29"]
[Round "3"]
[White "Kopecek, Ivan"]
[Black "Sawicki, Mikolaj"]
[Result "1-0"]
[WhiteElo "1955"]
[BlackElo "1959"]
[PlyCount "71"]
[EventDate "2015.06.27"]
[EventType "swiss"]
[EventRounds "9"]
[EventCountry "CZE"]
[SourceTitle "CBM 167 Extra"]
[Source "ChessBase"]
[SourceDate "2015.09.14"]
[SourceVersion "1"]
[SourceVersionDate "2015.09.14"]
[SourceQuality "1"]

1. e4 c5 2. Nf3 d6 3. Bc4 Nc6 4. Nc3 Nf6 5. d4 cxd4 6. Nxd4 a6 7. 0-0 Nxd4 8. Qxd4 e5 9. Qd3 Be7 10. Bg5 Be6 11. Rad1 Qc7 12. Bb3 Rd8 13. Bxf6 Bxf6 14. Qe2 0-0 15. Rd3 b5 16. a3 Qc5 17. Rfd1 Be7 18. Nd5 Bxd5 19. Bxd5 Qc7 20. Rh3 Bg5 21. Rdd3 g6 22. Qg4 Bf4 23. Qh4 h6 24. Qf6 Kh7 25. g3 Bc1 26. g4 Qd7 27. g5 Qg4+ 28. Rdg3 Bxg5 29. Qxg5 Qxg5 30. Rxg5 Rc8 31. c3 a5 32. Rgg3 Rc5 33. Rd3 Kg7 34. Rhg3 Rb8 35. Rge3 Kf6 36. Rf3+ 1-0

[Event "SVK-ch Seniors"]
[Site "Tatranske Matliare"]
[Date "2015.05.31"]
[Round "2"]
[White "Kopecek, Ivan"]
[Black "Lanc, Alois"]
[Result "0-1"]
[WhiteElo "1955"]
[BlackElo "2293"]
[PlyCount "96"]
[EventDate "2015.05.30"]
[EventType "swiss"]
[EventRounds "9"]
[EventCountry "SVK"]
[SourceTitle "EXT 2017"]
[Source "ChessBase"]
[SourceDate "2016.10.25"]
[SourceVersion "1"]
[SourceVersionDate "2016.10.25"]
[SourceQuality "1"]

1. e4 c5 2. Nf3 d6 3. Bc4 e6 4. Nc3 a6 5. d4 b5 6. Bd3 c4 7. Be2 Bb7 8. d5 e5 9. Ng5 h6 10. Nh3 Nf6 11. a3 Nbd7 12. 0-0 Nc5 13. f3 Be7 14. Kh1 Bc8 15. Nf2 Nh7 16. f4 exf4 17. Bxf4 Bf6 18. Qd2 0-0 19. Rae1 Bg5 20. Bf3 Re8 21. Bg4 Ra7 22. Bxc8 Qxc8 23. Bxg5 Nxg5 24. h4 Nh7 25. Qf4 Qd8 26. Re3 Nf6 27. Ng4 Nxg4 28. Qxg4 Re5 29. Rg3 Qf8 30. Rf6 h5 31. Qf3 Qe7 32. Rf4 Rb7 33. Kh2 a5 34. Rf5 b4 35. Ne2 Nxe4 36. Rh3 Rxf5 37. Qxf5 Nf6 38. Qc8+ Kh7 39. Rg3 bxa3 40. bxa3 Ng4+ 41. Kh3 Nf2+ 42. Kh2 Ng4+ 43. Kh3 Rb1 44. Rf3 Rh1+ 45. Kg3 Qxh4+ 46. Kf4 Nf6+ 47. Ke3 Nxd5+ 48. Kd2 Qe1# 0-1

[Event "Brno op 5th"]
[Site "Brno"]
[Date "2014.11.18"]
[Round "4"]
[White "Kopecek, Ivan"]
[Black "Kratochvil, Karel"]
[Result "1/2-1/2"]
[WhiteElo "1938"]
[BlackElo "2148"]
[PlyCount "43"]
[EventDate "2014.11.15"]
[EventType "swiss"]
[EventRounds "9"]
[EventCountry "CZE"]
[SourceTitle "CBM 163 Extra"]
[Source "ChessBase"]
[SourceDate "2014.12.23"]
[SourceVersion "1"]
[SourceVersionDate "2014.12.23"]
[SourceQuality "1"]

1. e4 c5 2. Nc3 e6 3. Nf3 Nf6 4. d4 cxd4 5. Nxd4 Bb4 6. Bd3 d5 7. e5 Nfd7 8. f4 Nc6 9. Nxc6 bxc6 10. 0-0 g6 11. Kh1 f5 12. Na4 0-0 13. g4 Be7 14. gxf5 gxf5 15. Rg1+ Kh8 16. Qh5 Nc5 17. Nxc5 Bxc5 18. Rg3 Rg8 19. Bd2 Bb7 20. Be2 Rxg3 21. hxg3 Qe8 22. Kg2 1/2-1/2

[Event "Brno op 5th"]
[Site "Brno"]
[Date "2014.11.15"]
[Round "1"]
[White "Glacner, Karel"]
[Black "Kopecek, Ivan"]
[Result "0-1"]
[WhiteElo "1543"]
[BlackElo "1938"]
[PlyCount "84"]
[EventDate "2014.11.15"]
[EventType "swiss"]
[EventRounds "9"]
[EventCountry "CZE"]
[SourceTitle "CBM 163 Extra"]
[Source "ChessBase"]
[SourceDate "2014.12.23"]
[SourceVersion "1"]
[SourceVersionDate "2014.12.23"]
[SourceQuality "1"]

1. Nf3 f5 2. b3 d6 3. e3 e5 4. Bc4 d5 5. Be2 Bd6 6. Bb2 Qe7 7. h4 Nc6 8. a4 Nf6 9. c4 dxc4 10. Bxc4 Be6 11. Bxe6 Qxe6 12. Ba3 Nb4 13. Bxb4 Bxb4 14. Nc3 0-0 15. 0-0 Rfd8 16. Nb5 Rd7 17. Rc1 c6 18. Nc3 Bxc3 19. Rxc3 Ne4 20. Rc2 Rd3 21. Qa1 Re8 22. b4 Qd5 23. Qc1 Rd8 24. Rd1 f4 25. Ne1 Rb3 26. d3 Rxb4 27. exf4 exf4 28. Qa3 a5 29. Qa2 Qxa2 30. Rxa2 Nc3 31. Rda1 Nxa2 32. Rxa2 Rb1 33. Kf1 Re8 34. Re2 Rxe2 35. Kxe2 Ra1 36. g3 Rxa4 37. g4 Ra2+ 38. Kf3 b5 39. Ng2 b4 40. Nxf4 b3 41. Ne2 Rxe2 42. Kxe2 b2 0-1

[Event "Prague Summer op 1st"]
[Site "Prague"]
[Date "2014.08.12"]
[Round "5"]
[White "Kopecek, Ivan"]
[Black "Flak, Pawel"]
[Result "0-1"]
[WhiteElo "1912"]
[BlackElo "2192"]
[PlyCount "91"]
[EventDate "2014.08.09"]
[EventType "swiss"]
[EventRounds "9"]
[EventCountry "CZE"]
[SourceTitle "CBM 162 Extra"]
[Source "ChessBase"]
[SourceDate "2014.10.17"]
[SourceVersion "1"]
[SourceVersionDate "2014.10.17"]
[SourceQuality "1"]

1. d4 Nf6 2. c4 b6 3. Nf3 Bb7 4. e3 d6 5. Bd3 Nbd7 6. d5 Nc5 7. Bc2 a5 8. Nc3 g6 9. Nd4 Bg7 10. e4 e5 11. dxe6 fxe6 12. f3 0-0 13. Bg5 Qe8 14. 0-0 Nh5 15. Qd2 Qf7 16. f4 h6 17. Bh4 Nxf4 18. g3 Nh3+ 19. Kg2 Qd7 20. Kxh3 Bxd4 21. Qxh6 Qg7 22. Qxg7+ Kxg7 23. Nb5 Bxb2 24. Rab1 Rxf1 25. Rxf1 Rh8 26. Kg4 Na6 27. Rf2 Bc8 28. Kf3 Bc1 29. Ke2 g5 30. Rf1 gxh4 31. Rxc1 hxg3 32. hxg3 Rh2+ 33. Kf3 e5 34. a3 Bd7 35. Nc3 Nc5 36. Nd5 Ne6 37. Bb1 Bc6 38. Kg4 Bd7 39. Rf1 Nd4+ 40. Kg5 Ne6+ 41. Kg4 Be8 42. Nf6 Bg6 43. Nd5 Bh5+ 44. Kf5 Be2 45. Rc1 Nd4+ 46. Kg5 0-1